000
00346nam a2200133Ia 4500
008
231129s9999||||xx |||||||||||||| ||spa||
020
_a
84-8076-078-8
040
_b
spa
082
_a
743.836 F911d
100
_a
Pikesley Richard
245
0
_a
Dibujar y pintar paisajes
264
_a
Blume
942
_2
ddc
_c
BKS
999
_c
9259
_d
9259